[Event "POL-chT 2nd League"]
[Site "Wysowa"]
[Date "2005.08.30"]
[Round "4.60"]
[White "Ozga, Magdalena"]
[Black "Wesolowska, Magdalena"]
[Result "1-0"]
[WhiteElo "1938"]
[BlackElo "2020"]
[PlyCount "49"]
[EventDate "2005.08.27"]
[EventType "team-swiss"]
[EventRounds "9"]
[EventCountry "POL"]
[SourceTitle "EXT 2019"]
[Source "ChessBase"]
[SourceDate "2018.10.10"]
[SourceVersion "1"]
[SourceVersionDate "2018.10.10"]
[SourceQuality "1"]
[WhiteTeam "Rzeszow Zelmer II"]
[BlackTeam "Bydgoszcz Chemik"]
[WhiteTeamCountry "POL"]
[BlackTeamCountry "POL"]

1. e4 c6 2. d4 d5 3. Nc3 dxe4 4. Nxe4 Nd7 5. Ng5 Ndf6 6. Bc4 e6 7. N1f3 h6 8. Nh3 Bd6 9. Qe2 Ne7 10. Bd2 Qc7 11. 0-0-0 b5 12. Bd3 Ned5 13. Ne5 0-0 14. Rhe1 b4 15. g4 Qa5 16. Kb1 Nc3+ 17. Bxc3 bxc3 18. Nc4 Qb4 19. b3 a5 20. g5 hxg5 21. Nxg5 Be7 22. Rg1 a4 23. Nh7 Nxh7 24. Bxh7+ Kxh7 25. Qh5+ 1-0

[Event "POL-chT U19 36th 1st League"]
[Site "Koszalin"]
[Date "2005.07.11"]
[Round "8"]
[White "Gorol, Magdalena"]
[Black "Wesolowska, Magdalena"]
[Result "0-1"]
[WhiteElo "1890"]
[BlackElo "2020"]
[PlyCount "48"]
[EventDate "2005.07.05"]
[EventType "team-tourn"]
[EventRounds "11"]
[EventCountry "POL"]
[SourceTitle "CBM 107 Extra"]
[Source "ChessBase"]
[SourceDate "2005.09.01"]
[SourceVersion "1"]
[SourceVersionDate "2005.09.01"]
[SourceQuality "1"]
[WhiteTeam "Katowice Start U19"]
[BlackTeam "Torun Apator U19"]
[WhiteTeamCountry "POL"]
[BlackTeamCountry "POL"]

1. e4 c6 2. d4 d5 3. Nd2 dxe4 4. Nxe4 Nd7 5. Nf3 Ngf6 6. Ng3 e6 7. Bd3 c5 8. 0-0 Be7 9. Re1 0-0 10. c3 b6 11. Bc2 Bb7 12. Qd3 cxd4 13. Nxd4 Nc5 14. Qe2 Re8 15. b4 Ncd7 16. Qd3 Nf8 17. a3 Ng6 18. Ba4 e5 19. Bxe8 Nxe8 20. Ngf5 Bf8 21. Be3 exd4 22. Bxd4 Bxg2 23. Qg3 Bb7 24. Rad1 Qd5 0-1

[Event "POL-chT U19 36th 1st League"]
[Site "Koszalin"]
[Date "2005.07.11"]
[Round "9"]
[White "Wesolowska, Magdalena"]
[Black "Mikulewicz, Joanna"]
[Result "1/2-1/2"]
[WhiteElo "2020"]
[BlackElo "2069"]
[PlyCount "123"]
[EventDate "2005.07.05"]
[EventType "team-tourn"]
[EventRounds "11"]
[EventCountry "POL"]
[SourceTitle "CBM 107 Extra"]
[Source "ChessBase"]
[SourceDate "2005.09.01"]
[SourceVersion "1"]
[SourceVersionDate "2005.09.01"]
[SourceQuality "1"]
[WhiteTeam "Torun Apator U19"]
[BlackTeam "Gorzow Wielkopolski Stilon U19"]
[WhiteTeamCountry "POL"]
[BlackTeamCountry "POL"]

1. d4 Nf6 2. c4 g6 3. Nc3 Bg7 4. e4 d6 5. Nf3 0-0 6. Be2 e5 7. 0-0 Nc6 8. d5 Ne7 9. b4 Nh5 10. c5 Nf4 11. Bxf4 exf4 12. Rc1 a5 13. a3 Bg4 14. Qb3 Bxf3 15. Bxf3 g5 16. Nb5 Be5 17. cxd6 cxd6 18. bxa5 Rxa5 19. Qb4 b6 20. Rc4 Qd7 21. Rb1 Rc8 22. Rxc8+ Nxc8 23. h3 Na7 24. Nxa7 Qxa7 25. Rb3 Ra4 26. Qxb6 Qxb6 27. Rxb6 Rxa3 28. Rb1 Ra2 29. Rd1 Ra4 30. Re1 Bc3 31. Rd1 Kg7 32. Rc1 Bd4 33. Rd1 Kf6 34. Re1 Ra2 35. Be2 Bc3 36. Bc4 Ra4 37. e5+ dxe5 38. Bb3 Rb4 39. Rb1 e4 40. d6 Rd4 41. Rd1 Bd2 42. Bc2 Ke5 43. Kf1 Rxd6 44. Ke2 Bb4 45. Rxd6 Bxd6 46. f3 f5 47. Ba4 exf3+ 48. gxf3 h5 49. Bd7 Bc5 50. Bc8 Be3 51. Bd7 g4 52. fxg4 fxg4 53. hxg4 h4 54. g5 Ke4 55. Bg4 Bd4 56. g6 Bf6 57. Kf2 Bd4+ 58. Kg2 Bf6 59. Kh3 f3 60. Bxf3+ Kxf3 61. g7 Bxg7 62. Kxh4 1/2-1/2